000
00292nam a22001337a 4500
008
181101b xxu||||| |||| 00| 0 eng d
020
_a
9780030686696
041
_a
eng
080
_2
5 TH
_a
370
100
_a
45
101
_a
EDU
245
_a
Elements Language
_c
Holt.p
942
_2
udc
_c
BK
999
_c
51553
_d
51553